00898cam a22002411 4500001001300000003000400013005001700017008004100034010001700075035001900092040001700111042001200128050001500140082001200155100003800167245019400205260002500399300002400424500009300448500001800541610004200559651005500601ca 33000467 DLC20260227111128.0791227s1927 dcu 000 0 eng  aca 33000467  a(OCoLC)5825669 aDLCcVidDLC apremarc00aF303b.M85 a973.3121 aMoore, Robert Walton,d1859-1941.00aAddress of Representative R. Walton Moorebof Virginia at York, Pennsylvania, October 14, 1927, at the celebration of the 150th anniversary of the session there of the Continental Congress. a[Washington?]c1927. a17 numb. l.c27 cm. aCaption title. At head of title: For release the afternoon of Friday, October 14, 1927. aMimeographed.10aUnited States.bContinental Congress. 0aUnited StatesxPolitics and governmenty1775-1783.